书目信息 |
| 题名: |
词典学概论
|
|
| 作者: | 兹古斯塔 主编 ;林书武 译 | |
| 分册: | ||
| 出版信息: | 北京 商务印书馆 1983 |
|
| 页数: | 499页 | |
| 开本: | 19cm | |
| 丛书名: | ||
| 单 册: | ||
| 中图分类: | H06 | |
| 科图分类: | ||
| 主题词: | 词典学 | |
| 电子资源: | ||
| ISBN: | ||
| 000 | 00692nam0 2200241 45 | |
| 001 | 0183010814 | |
| 005 | 20041227170650.1 | |
| 010 | @dCNY1.95 | |
| 091 | @a9017.1032 | |
| 100 | @a19950522d1983 em y0chiy0121 ea | |
| 101 | 2 | @achi@aslo |
| 102 | @aCN@b110000 | |
| 105 | @ay z 000yy | |
| 200 | 10 | @a词典学概论@Aci dian xue gai lun@f(捷)拉迪斯拉夫·兹古斯塔主编@F(Jie)LaDi Si La Fu·Zi Gu Si Ta Zhu Bian@g林书武等译 |
| 210 | @a北京@c商务印书馆@d1983 | |
| 215 | @a499页@d19cm | |
| 606 | @a词典学 | |
| 690 | @aH06@v3 | |
| 701 | 0 | @a兹古斯塔@4主编 |
| 702 | 0 | @a林书武@Alin shu wu@4译 |
| 801 | 0 | @aCN@b上海图书馆@c20040423 |
| 801 | 2 | @aCN@bNLC@c20040423 |
| 905 | @dH06@e46@f2@b160780-781 | |
| 词典学概论/(捷)拉迪斯拉夫·兹古斯塔主编/林书武等译.-北京:商务印书馆,1983 |
| 499页;19cm |
| ISBN :CNY1.95 |
| ● |
| 相关链接 |
|
|
|
|
正题名:词典学概论
索取号:H06/46
 
预约/预借
| 序号 | 登录号 | 条形码 | 馆藏地/架位号 | 状态 | 备注 |
| 1 | 0117260 | 000822961 | 密集书库/ [索取号:H06/46] | 在馆 | |
| 2 | 0117261 | 000822998 | 密集书库/ [索取号:H06/46] | 在馆 | |
| 3 | 0117262 | 000823023 | 密集书库/ [索取号:H06/46] | 在馆 | |
| 4 | 0117263 | 000823014 | 密集书库/ [索取号:H06/46] | 在馆 | |
| 5 | 0117264 | 000822925 | 密集书库/ [索取号:H06/46] | 在馆 | |
| 6 | 0117265 | 000822916 | 密集书库/ [索取号:H06/46] | 在馆 | |
| 7 | 0117266 | 000823032 | 密集书库/ [索取号:H06/46] | 在馆 | |
| 8 | 0117267 | 000823005 | 密集书库/ [索取号:H06/46] | 在馆 | |
| 9 | 0117268 | 000822989 | 密集书库/ [索取号:H06/46] | 在馆 | |
| 10 | 0117269 | 000822970 | 第二样本阅览室/ [索取号:H06/46] | 在馆 | |
| 11 | 0156342 | 000822943 | 密集书库/ [索取号:H06/46] | 在馆 | |
| 12 | 0156343 | 000822934 | 密集书库/ [索取号:H06/46] | 在馆 | |
| 13 | 0156344 | 000822952 | 第四借阅区/ [索取号:H06/46] | 在馆 | |
| 14 | 0160780 | 001968446 | 密集书库/ [索取号:H06/46] | 在馆 | |
| 15 | 0160781 | 001968482 | 密集书库/ [索取号:H06/46] | 在馆 |